000
00219nam a22000857a 4500
999
_c
11542
_d
11542
008
190618b ||||| |||| 00| 0 eng d
100
_a
Lewis C.S
_9
7252
245
_a
The Sliver Chair
260
_a
new york
_b
The Lion
_c
1994